| 000 | 00754nam a22002411a 4500 | ||
|---|---|---|---|
| 001 | 6164 | ||
| 003 | BD-RjUL | ||
| 005 | 20211208234209.0 | ||
| 008 | 14 t19571954enka b 001 0 eng d | ||
| 035 | _a(BD-RjUL)6203 | ||
| 035 | _a(BD-RjUL) | ||
| 040 |
_aNWU _beng _cNWU _dNWU _dBD-RjUL |
||
| 041 | _aeng | ||
| 082 | 0 | 4 |
_a510.253 _220 _bSUM 1957 |
| 100 | 1 |
_aSutton, O. G. _q(Oliver Graham) _919398 |
|
| 245 | 1 | 0 |
_aMathematics in action / _cby O.G. Sutton ; with drawings and diagrams by A.J. Laurie. |
| 260 |
_aLondon : _bBell, _c1957. |
||
| 300 |
_aviii, 226 p. : _bill. ; _c22 cm. |
||
| 504 | _aIncludes bibliographical references and index. | ||
| 650 | 0 |
_aMathematical physics. _91138 |
|
| 650 | 0 |
_aMathematics _xPopular works. _919399 |
|
| 942 |
_2ddc _cBK |
||
| 999 |
_c6164 _d6164 |
||